000 00688nam a22001817a 4500
999 _c371641
_d371641
008 201127b ||||| |||| 00| 0 eng d
040 _aDE-2950
_bger
_cDE-2950
_erda
041 _ager
245 _aCafé im Zentrum ist geschlossen.
_bGastronomie: Das "Wirbelwind in Frankfurt war ein beliebter Anlaufpunkt für viele Familien mit kleinen Kindern/
_cpst
264 _c2022
653 _aFrankfurt (Oder)
653 _aCafé "Wirbelwind"
773 _dFrankfurt (Oder) Märkisches Verlags- und Druckhaus GmbH & Co KG
_tMärkische Oderzeitung
_g33. Jahrgang (2022) Nr. 121 vom 25.05.2022, S. 17
942 _cA